La política de unión nacional : (Registro nro. 5247)

Detalles MARC
000 -LEADER
fixed length control field 00890nam a2200217Ia 4500
003 - CONTROL NUMBER IDENTIFIER
control field OSt
005 - DATE AND TIME OF LATEST TRANSACTION
control field 20200424004724.0
008 - FIXED-LENGTH DATA ELEMENTS--GENERAL INFORMATION
fixed length control field 191128s1946 ck gr 000 0 spa d
040 ## - CATALOGING SOURCE
Original cataloging agency CO-JMCR
Transcribing agency CO-JMCR
041 0# - LANGUAGE CODE
Language code of text/sound track or separate title spa
082 04 - DEWEY DECIMAL CLASSIFICATION NUMBER
Classification number 324.23 /
Item number O763p
Edition number 23
100 1# - MAIN ENTRY--PERSONAL NAME
Personal name Ospina Pérez, Mariano,
Relator term autor
9 (RLIN) 3513
245 13 - TITLE STATEMENT
Title La política de unión nacional :
Remainder of title el programa /
Statement of responsibility, etc. Mariano Ospina Pérez
260 ## - PUBLICATION, DISTRIBUTION, ETC.
Place of publication, distribution, etc. Bogotá :
Name of publisher, distributor, etc. Imprenta Nacional,
Date of publication, distribution, etc. 1946
300 ## - PHYSICAL DESCRIPTION
Extent 228 páginas ;
Dimensions 24 cm.
505 0# - FORMATTED CONTENTS NOTE
Formatted contents note Las bases -- La candidatura -- El problema social -- El campo y el Estado -- La clase media -- La democracia en Colombia -- El trabajo -- El sufragio -- Después de la campaña -- A la Nación -- Tres puntos del programa -- La medicina
650 14 - SUBJECT ADDED ENTRY--TOPICAL TERM
Topical term or geographic name entry element Política y gobierno
9 (RLIN) 3514
650 14 - SUBJECT ADDED ENTRY--TOPICAL TERM
Topical term or geographic name entry element Planes de desarrollo
9 (RLIN) 3515
650 14 - SUBJECT ADDED ENTRY--TOPICAL TERM
Topical term or geographic name entry element Administración pública
9 (RLIN) 3516
942 ## - ADDED ENTRY ELEMENTS (KOHA)
Source of classification or shelving scheme Dewey Decimal Classification
Koha item type Books
Existencias
Withdrawn status Lost status Source of classification or shelving scheme Damaged status Not for loan Collection code Home library Current library Date acquired Source of acquisition Cost, normal purchase price Total Checkouts Full call number Barcode Date last seen Copy number Koha item type
    Dewey Decimal Classification     Non-fiction Biblioteca Pública José María del Castillo y Rada Biblioteca Pública José María del Castillo y Rada 04/15/2018 Donación 0.00   324.23 / O763p 430001573 05/16/2024 Ej.1 Books